Optimalizácia pracoviska obrobňa vo firme Ekom spol s.r.o.

Gespeichert in:
Bibliographische Detailangaben
1. Verfasser: Babiš, Adam (Verfasst von)
Weitere Verfasser: Pecháček, František (Betreuung Doktorarbeit)
Format: Manuskript Buch
Sprache:Slowakisch
Veröffentlicht: 2018
Schlagworte:
Online-Zugang:http://is.stuba.sk/zp/portal_zp.pl?podrobnosti=138747
Tags: Tag hinzufügen
Keine Tags, Fügen Sie das erste Tag hinzu!

MARC

LEADER 00000ntm a22000003a 4500
001 stuzp67881
003 SK-STU
005 20180820155500.1
007 ta
008 150427s2015----xo-----f-mn---000-0-slo-d
040 |a STU  |b slo 
041 0 |a slo 
100 1 |a Babiš, Adam  |u 063000  |4 aut  |U MTF Materiálovotechnologická fakulta  |T MTF Ústav výrobných technológií  |X 71497  |U M3000  |Y 83  |7 71497 
242 0 1 |a Optimization of workplace obrobňa in Ekom Ltd.  |y eng 
245 1 0 |a Optimalizácia pracoviska obrobňa vo firme Ekom spol s.r.o. 
260 |c 2018 
650 4 |a ergonómia  |2 slo 
650 4 |a optimalizácia  |2 slo 
650 4 |a pracovisko  |2 slo 
650 4 |a simulácia  |2 slo 
650 4 |a ergonomics  |2 eng 
650 4 |a optimization  |2 eng 
650 4 |a workplace  |2 eng 
650 4 |a simulation  |2 eng 
700 1 |a Pecháček, František  |4 ths  |X 218  |7 A000000218 
856 4 |u http://is.stuba.sk/zp/portal_zp.pl?podrobnosti=138747 
996 |c M* DP-13460  |l MMSKP  |s P  |a 0  |w stuzp67881_0001